000 01013nam a22002177a 4500
999 _c63331
_d63331
005 20240530110635.0
008 170920s2015 ua a f b 000 0 ara d
020 _a9789772123308
040 _aEG-CaGPL
_cEG-CaGPL
082 0 4 _221
_a953.04 /
_bم ع
100 0 _aمحمد احمد عبدالمولى
245 1 2 _aالعيارون و الشطار البغاددة فى التاريخ العباسى :
_bأضواء جديدة كاشفة عن جماعتهم و حركتهم /
_cمحمد احمد عبدالمولى
260 _aالاسكندرية :
_bمؤسسة شباب الجامعة ،
_c2015.
300 _a361 ص. :
_bايض ؛
_c24 سم.
504 _aيشتمل على ارجاعات ببليوجرافية
650 0 7 _2qrmak
_aالدولة العباسية
650 0 7 _2qrmak
_aالعيارون
_xتاريخ
_yالعصر العباسى
650 0 7 _2qrmak
_aالشطارة البغاددة
_xتاريخ
_yالعصر العباسى
942 _2ddc
_cBK